Discours de la méthode (Record no. 172602)

MARC details
000 -LEADER
campo de control de longitud fija 01097nam a2200277 i 4500
001 - NÚMERO DE CONTROL
campo de control 172602
003 - IDENTIFICADOR DE NÚMERO DE CONTROL
campo de control ES-MaACL
005 - FECHA Y HORA DE LA ÚLTIMA TRANSACCIÓN
campo de control 20250819044028.0
007 - CAMPO FIJO DE DESCRIPCIÓN FÍSICA--INFORMACIÓN GENERAL
campo de control de longitud fija t|
008 - DATOS DE LONGITUD FIJA--INFORMACIÓN GENERAL
campo de control de longitud fija 090724s1943 fr ||||1| fre d
080 ## - NÚMERO DE LA CLASIFICACIÓN DECIMAL UNIVERSAL
Número de la Clasificación Decimal Universal 167/168
100 1# - ENTRADA PRINCIPAL--NOMBRE DE PERSONA
Nombre de persona Descartes, René,
Fechas asociadas al nombre 1596-1650
9 (RLIN) 43838
245 10 - MENCIÓN DEL TÍTULO
Título Discours de la méthode
Resto del título : pour bien conduire sa raison et chercher la vérité dans les sciences /
Mención de responsabilidad, etc. par René Descartes ; [introduction par Jean Laporte].
260 ## - PUBLICACIÓN, DISTRIBUCIÓN, ETC.
Lugar de publicación, distribución, etc. Paris :
Nombre del editor, distribuidor, etc. Cluny,
Fecha de publicación, distribución, etc. 1943.
300 ## - DESCRIPCIÓN FÍSICA
Extensión 193 p. ;
Dimensiones 18 cm.
490 1# - MENCIÓN DE SERIE
Mención de serie Bibliothèque de Cluny ;
Designación de volumen o secuencia 9
594 ## - Nota al título y mención de responsabilidad
Nota al título y mención de responsabilidad La Vie de Monsieur Descartes, por M. B.
594 ## - Nota al título y mención de responsabilidad
Nota al título y mención de responsabilidad La Doctrine de Descartes, por Madeleine Barthélemy.
600 14 - PUNTO DE ACCESO ADICIONAL DE MATERIA--NOMBRE DE PERSONA
Nombre de persona Descartes, René,
Fechas asociadas al nombre 1846-1881-
Subdivisión general Crítica e interpretación
9 (RLIN) 43839
650 04 - PUNTO DE ACCESO ADICIONAL DE MATERIA--TÉRMINO DE MATERIA
Término de materia o nombre geográfico como elemento de entrada Ciencia-
Subdivisión general Metodología
9 (RLIN) 10958
700 1# - ENTRADA AGREGADA--NOMBRE PERSONAL
Nombre de persona Laporte, Jean.
9 (RLIN) 141115
700 1# - ENTRADA AGREGADA--NOMBRE PERSONAL
Nombre de persona Barthélemy-Madaule, Madeleine.
9 (RLIN) 141116
830 0# - PUNTO DE ACCESO ADICIONAL DE SERIE-TÍTULO UNIFORME
Título uniforme Bibliothèque de Cluny ;
Designación de volumen o secuencia 9
9 (RLIN) 192583
852 4# - LOCALIZACIÓN
Ubicación ES-MaACL
Número de control de estantería E-12894
itemnumber R.139396
Nota libre . - Biblioteca Jacinto Martínez Lacalle
Holdings
Estatus retirado Estado de pérdida Estado de daño No para préstamo Biblioteca de origen Biblioteca actual Ubicación en estantería Fecha de adquisición Fuente de adquisición Total de préstamos Signatura topográfica completa Código de barras Visto por última vez Precio de reemplazo Tipo de ítem Koha
        Biblioteca del Ateneo de Madrid Biblioteca del Ateneo de Madrid Depósito 2 24/07/2009     E-12894 1181131 23/02/2023 23/02/2023 Libro impreso